[Event "Najdorf Memorial"]
[Site "Warsaw POL"]
[Date "2021.07.10"]
[Round "1.20"]
[White "Janeczko, Jakub"]
[Black "Niedbala, Bartlomiej"]
[Result "0-1"]
[WhiteElo "1976"]
[BlackElo "2360"]
[EventDate "2021.07.10"]
[PlyCount "76"]
[LiveChessVersion "1.4.8"]

1.e4 c6 2.d4 d5 3.Nc3 dxe4 4.Nxe4 Nf6 5.Nxf6+ exf6 6.c3 Bd6 7.Bd3 O-O 8.Qc2
Re8+ 9.Ne2 h5 10.Be3 Nd7 11.O-O-O Nf8 12.Kb1 Be6 13.c4 Rc8 14.Nc3 Bb4 15.Ne4
Be7 16.Nc5 Bxc5 17.dxc5 Qe7 18.Be2 Nd7 19.Rd6 b6 20.Rhd1 Nxc5 21.Bxc5 bxc5
22.Bxh5 Bd5 23.R6xd5 cxd5 24.cxd5 Qd6 25.Qc4 Rb8 26.Bf3 Rb4 27.Qc3 Reb8 28.Rd2
Qxh2 29.d6 Qf4 30.d7 Rd4 31.Rxd4 Qxd4 32.Qxd4 cxd4 33.Bb7 Kf8 34.Bc8 Ke7 35.b3
Rb5 36.Kc2 Ra5 37.a4 Rd5 38.Kd3 a5 0-1

[Event "Najdorf Memorial"]
[Site "Warsaw POL"]
[Date "2021.07.10"]
[Round "1.21"]
[White "Lukasiewicz, Krzysztof"]
[Black "Syrkiewicz, Michal"]
[Result "1-0"]
[WhiteElo "2359"]
[BlackElo "1976"]
[EventDate "2021.07.10"]
[PlyCount "53"]
[LiveChessVersion "1.4.8"]

1.d4 {[%clk 1:30:52]} 1...Nf6 {[%clk 1:30:45]} 2.Bf4 {[%clk 1:31:17]} 2...d5
{[%clk 1:31:03]} 3.e3 {[%clk 1:31:42]} 3...c5 {[%clk 1:31:04]} 4.Nc3 {[%clk
1:29:47]} 4...a6 {[%clk 1:23:22]} 5.dxc5 {[%clk 1:17:21]} 5...Nc6 {[%clk
1:19:40]} 6.a3 {[%clk 0:52:22]} 6...e5 {[%clk 1:03:04]} 7.Bg5 {[%clk 0:50:40]}
7...d4 {[%clk 0:57:44]} 8.Ne4 {[%clk 0:38:23]} 8...Qa5+ {[%clk 0:45:30]} 9.b4
{[%clk 0:35:08]} 9...Nxb4 {[%clk 0:45:38]} 10.axb4 {[%clk 0:35:22]} 10...Qxb4+
{[%clk 0:46:03]} 11.c3 {[%clk 0:27:42]} 11...dxc3 {[%clk 0:46:09]} 12.Bxf6
{[%clk 0:27:53]} 12...c2+ {[%clk 0:41:41]} 13.Qd2 {[%clk 0:28:18]} 13...Qb1+
{[%clk 0:37:08]} 14.Qc1 {[%clk 0:28:42]} 14...Qb4+ {[%clk 0:34:35]} 15.Nd2
{[%clk 0:29:08]} 15...gxf6 {[%clk 0:34:09]} 16.Qxc2 {[%clk 0:29:33]} 16...Qxc5
{[%clk 0:33:22]} 17.Qb1 {[%clk 0:18:17]} 17...Qc7 {[%clk 0:26:07]} 18.Ngf3
{[%clk 0:17:15]} 18...Bd7 {[%clk 0:24:54]} 19.Bd3 {[%clk 0:17:30]} 19...h5
{[%clk 0:23:26]} 20.O-O {[%clk 0:15:55]} 20...Be7 {[%clk 0:23:08]} 21.Rc1
{[%clk 0:15:41]} 21...Bc6 {[%clk 0:23:18]} 22.Be4 {[%clk 0:16:05]} 22...Bxe4
{[%clk 0:22:52]} 23.Nxe4 {[%clk 0:13:55]} 23...Qd7 {[%clk 0:21:56]} 24.Qb6
{[%clk 0:14:10]} 24...Qd8 {[%clk 0:20:43]} 25.Qxb7 {[%clk 0:13:34]} 25...O-O
{[%clk 0:20:53]} 26.Rd1 {[%clk 0:13:36]} 26...Qe8 {[%clk 0:21:11]} 27.h3 {[%clk
0:11:51]} 1-0

[Event "Najdorf Memorial"]
[Site "Warsaw POL"]
[Date "2021.07.10"]
[Round "1.23"]
[White "Suvorov, Alexander"]
[Black "Gorkiewicz, Mateusz"]
[Result "1-0"]
[WhiteElo "2353"]
[BlackElo "1968"]
[EventDate "2021.07.10"]
[PlyCount "79"]
[LiveChessVersion "1.4.8"]

1.d4 {[%clk 1:30:54]} 1...d5 {[%clk 1:30:54]} 2.c4 {[%clk 1:31:08]} 2...e6
{[%clk 1:31:16]} 3.Nc3 {[%clk 1:31:20]} 3...Nf6 {[%clk 1:31:37]} 4.cxd5 {[%clk
1:31:37]} 4...exd5 {[%clk 1:32:00]} 5.Bg5 {[%clk 1:31:46]} 5...Be6 {[%clk
1:32:08]} 6.e3 {[%clk 1:26:55]} 6...Nbd7 {[%clk 1:32:23]} 7.Bd3 {[%clk 1:26:44]}
7...h6 {[%clk 1:32:35]} 8.Bf4 {[%clk 1:25:17]} 8...a6 {[%clk 1:30:55]} 9.h3
{[%clk 1:20:15]} 9...Be7 {[%clk 1:30:14]} 10.Nf3 {[%clk 1:20:10]} 10...O-O
{[%clk 1:28:51]} 11.O-O {[%clk 1:20:04]} 11...c5 {[%clk 1:27:40]} 12.dxc5
{[%clk 1:10:17]} 12...Nxc5 {[%clk 1:27:22]} 13.Nd4 {[%clk 1:06:32]} 13...Rc8
{[%clk 1:21:02]} 14.Rc1 {[%clk 1:00:19]} 14...b5 {[%clk 1:17:44]} 15.Bb1 {[%clk
0:53:09]} 15...Qb6 {[%clk 1:06:40]} 16.Nf5 {[%clk 0:46:56]} 16...Bxf5 {[%clk
0:55:51]} 17.Bxf5 {[%clk 0:47:21]} 17...Rcd8 {[%clk 0:56:03]} 18.Be5 {[%clk
0:44:46]} 18...Qb7 {[%clk 0:41:49]} 19.Ne2 {[%clk 0:40:27]} 19...Nfd7 {[%clk
0:38:59]} 20.Bd4 {[%clk 0:36:54]} 20...Ne6 {[%clk 0:36:15]} 21.Bxe6 {[%clk
0:33:03]} 21...fxe6 {[%clk 0:36:36]} 22.Nf4 {[%clk 0:32:54]} 22...e5 {[%clk
0:27:52]} 23.Ng6 {[%clk 0:32:47]} 23...Rfe8 {[%clk 0:22:50]} 24.Nxe5 {[%clk
0:32:15]} 24...Bd6 {[%clk 0:22:50]} 25.Nc6 {[%clk 0:30:00]} 25...Rc8 {[%clk
0:19:56]} 26.Qh5 {[%clk 0:29:08]} 26...Bf8 {[%clk 0:15:50]} 27.Qxd5+ {[%clk
0:29:06]} 27...Kh8 {[%clk 0:16:09]} 28.Ne7 {[%clk 0:25:17]} 28...Qxd5 {[%clk
0:16:18]} 29.Nxd5 {[%clk 0:25:45]} 29...Kg8 {[%clk 0:16:15]} 30.Nc7 {[%clk
0:25:40]} 30...Re7 {[%clk 0:15:31]} 31.Nxa6 {[%clk 0:25:48]} 31...Ra8 {[%clk
0:15:47]} 32.Nc7 {[%clk 0:26:00]} 32...Rxa2 {[%clk 0:15:44]} 33.Nxb5 {[%clk
0:26:23]} 33...Ne5 {[%clk 0:14:57]} 34.Ra1 {[%clk 0:26:06]} 34...Rxa1 {[%clk
0:14:58]} 35.Rxa1 {[%clk 0:26:35]} 35...Nc6 {[%clk 0:14:43]} 36.Bc3 {[%clk
0:26:44]} 36...Rb7 {[%clk 0:14:37]} 37.Nd4 {[%clk 0:26:53]} 37...Nb4 {[%clk
0:15:01]} 38.Ne6 {[%clk 0:25:48]} 38...Bd6 {[%clk 0:15:06]} 39.Rd1 {[%clk
0:26:07]} 39...Bb8 {[%clk 0:15:17]} 40.Nxg7 {[%clk 0:55:53]} 1-0

[Event "Najdorf Memorial"]
[Site "Warsaw POL"]
[Date "2021.07.10"]
[Round "1.24"]
[White "Polak, Michal"]
[Black "Kowalski, Igor"]
[Result "1/2-1/2"]
[WhiteElo "1967"]
[BlackElo "2349"]
[EventDate "2021.07.10"]
[PlyCount "90"]
[LiveChessVersion "1.4.8"]

1.e4 g6 2.d4 Bg7 3.Nc3 d6 4.Be3 a6 5.a4 Nd7 6.Nf3 e6 7.a5 Ne7 8.Qd2 h6 9.Be2 g5
10.O-O f5 11.Ne1 Nf6 12.f3 O-O 13.f4 g4 14.e5 Nfd5 15.Nxd5 Nxd5 16.c4 Nxe3
17.Qxe3 c5 18.dxc5 dxe5 19.fxe5 Qg5 20.Qxg5 hxg5 21.Nd3 Bd7 22.b4 Rfd8 23.Rfe1
Bc6 24.Rad1 Ba4 25.Rc1 Rd4 26.Nb2 Be8 27.Bd3 Rad8 28.Rc3 Bc6 29.b5 Be8 30.Rb3
Bf8 31.c6 bxc6 32.b6 Rb8 33.Rd1 c5 34.Bc2 Bc6 35.Rbd3 Rxd3 36.Rxd3 Bg7 37.Rd6
Bxe5 38.Rxc6 Bxb2 39.Rc7 Be5 40.Ra7 Rd8 41.Rxa6 Rd2 42.Ba4 Ra2 43.Bd7 g3
44.hxg3 Bxg3 45.Kf1 Rf2+ 1/2-1/2

[Event "Najdorf Memorial"]
[Site "Warsaw POL"]
[Date "2021.07.10"]
[Round "1.25"]
[White "Goluch, Piotr"]
[Black "Kulpa, Zuzanna"]
[Result "0-1"]
[WhiteElo "2333"]
[BlackElo "1962"]
[EventDate "2021.07.10"]
[PlyCount "102"]
[LiveChessVersion "1.4.8"]

1.d4 {[%clk 1:30:57]} 1...d5 {[%clk 1:30:40]} 2.c4 {[%clk 1:31:21]} 2...c6
{[%clk 1:31:06]} 3.Nc3 {[%clk 1:31:42]} 3...Nf6 {[%clk 1:31:23]} 4.Nf3 {[%clk
1:32:06]} 4...dxc4 {[%clk 1:31:47]} 5.a4 {[%clk 1:32:30]} 5...Bf5 {[%clk
1:32:11]} 6.e3 {[%clk 1:32:02]} 6...e6 {[%clk 1:32:29]} 7.Bxc4 {[%clk 1:32:26]}
7...Bb4 {[%clk 1:32:53]} 8.O-O {[%clk 1:32:32]} 8...O-O {[%clk 1:33:13]} 9.Ne5
{[%clk 1:29:04]} 9...Nbd7 {[%clk 1:30:10]} 10.Nd3 {[%clk 1:28:43]} 10...Qe7
{[%clk 1:25:26]} 11.a5 {[%clk 1:20:01]} 11...e5 {[%clk 1:20:59]} 12.Nxb4 {[%clk
1:18:07]} 12...Qxb4 {[%clk 1:21:15]} 13.Ra4 {[%clk 1:17:14]} 13...Qe7 {[%clk
1:19:26]} 14.Be2 {[%clk 1:10:13]} 14...Rfd8 {[%clk 1:16:40]} 15.Qb3 {[%clk
1:06:23]} 15...b6 {[%clk 1:10:47]} 16.Bf3 {[%clk 1:02:10]} 16...e4 {[%clk
1:05:22]} 17.Be2 {[%clk 1:02:35]} 17...b5 {[%clk 1:00:33]} 18.Ra1 {[%clk
1:01:22]} 18...a6 {[%clk 0:57:04]} 19.Rd1 {[%clk 0:52:01]} 19...c5 {[%clk
0:53:49]} 20.Nd5 {[%clk 0:48:33]} 20...Qe6 {[%clk 0:50:57]} 21.Nxf6+ {[%clk
0:48:55]} 21...Qxf6 {[%clk 0:51:20]} 22.Bd2 {[%clk 0:46:50]} 22...Qg6 {[%clk
0:45:21]} 23.Qa3 {[%clk 0:45:21]} 23...Rac8 {[%clk 0:42:33]} 24.dxc5 {[%clk
0:42:01]} 24...Nxc5 {[%clk 0:42:42]} 25.Bc3 {[%clk 0:40:43]} 25...Nd3 {[%clk
0:41:27]} 26.Rd2 {[%clk 0:34:23]} 26...Bh3 {[%clk 0:36:13]} 27.g3 {[%clk
0:29:45]} 27...Qf5 {[%clk 0:32:50]} 28.Bf1 {[%clk 0:29:21]} 28...Bxf1 {[%clk
0:23:03]} 29.Rxf1 {[%clk 0:28:16]} 29...b4 {[%clk 0:23:03]} 30.Bxb4 {[%clk
0:28:41]} 30...Ne5 {[%clk 0:23:29]} 31.Rxd8+ {[%clk 0:20:14]} 31...Rxd8 {[%clk
0:23:58]} 32.f4 {[%clk 0:20:27]} 32...exf3 {[%clk 0:21:08]} 33.Qb3 {[%clk
0:20:33]} 33...Nd3 {[%clk 0:18:46]} 34.Qc4 {[%clk 0:11:08]} 34...Qh3 {[%clk
0:08:13]} 35.Rxf3 {[%clk 0:11:32]} 35...Ne5 {[%clk 0:08:40]} 36.Qf1 {[%clk
0:11:58]} 36...Nxf3+ {[%clk 0:08:30]} 37.Qxf3 {[%clk 0:12:27]} 37...h6 {[%clk
0:06:57]} 38.Bc3 {[%clk 0:12:28]} 38...Qe6 {[%clk 0:06:47]} 39.Bd4 {[%clk
0:12:02]} 39...Rd5 {[%clk 0:05:50]} 40.b4 {[%clk 0:40:49]} 40...Rf5 {[%clk
0:33:07]} 41.Qa8+ {[%clk 0:38:37]} 41...Kh7 {[%clk 0:33:32]} 42.e4 {[%clk
0:38:27]} 42...Rh5 {[%clk 0:29:21]} 43.e5 {[%clk 0:38:01]} 43...Qg4 {[%clk
0:26:19]} 44.Bf2 {[%clk 0:34:27]} 44...Qd1+ {[%clk 0:22:04]} 45.Kg2 {[%clk
0:34:54]} 45...Qe2 {[%clk 0:22:29]} 46.Qa7 {[%clk 0:27:26]} 46...Rf5 {[%clk
0:17:42]} 47.h3 {[%clk 0:27:42]} 47...Qf3+ {[%clk 0:16:30]} 48.Kg1 {[%clk
0:28:07]} 48...Rxe5 {[%clk 0:14:46]} 49.Qxa6 {[%clk 0:28:32]} 49...Re2 {[%clk
0:11:28]} 50.Qa7 {[%clk 0:27:58]} 50...Rd2 {[%clk 0:11:47]} 51.Qe7 {[%clk
0:28:23]} 51...Qxf2+ {[%clk 0:11:40]} 0-1

[Event "Najdorf Memorial"]
[Site "Warsaw POL"]
[Date "2021.07.10"]
[Round "1.26"]
[White "Sujkowski, Pawel"]
[Black "Deszczynski, Adam"]
[Result "0-1"]
[WhiteElo "1961"]
[BlackElo "2311"]
[EventDate "2021.07.10"]
[PlyCount "94"]
[LiveChessVersion "1.4.8"]

1.d4 Nf6 2.c4 g6 3.Nc3 Bg7 4.Nf3 O-O 5.e4 d6 6.Be2 Na6 7.Be3 Ng4 8.Bg5 c5 9.d5
f5 10.Nd2 Nxf2 11.Kxf2 h6 12.Bh4 g5 13.Rf1 Bd4+ 14.Ke1 gxh4 15.Bd3 fxe4
16.Ndxe4 Rxf1+ 17.Kxf1 Qf8+ 18.Qf3 Bg4 19.Qxf8+ Rxf8+ 20.Ke1 Nb4 21.Bb1 h3
22.gxh3 Bxh3 23.Ng3 Rf2 24.Nce2 Rxh2 25.Be4 Bf2+ 26.Kd1 Bxg3 27.Nxg3 Bg4+
28.Kc1 h5 29.a3 Na6 30.Kb1 h4 31.Nf1 Re2 32.Bd3 Re1+ 33.Ka2 Rxa1+ 34.Kxa1 Kf7
35.Kb1 Kf6 36.Kc1 Kg5 37.Kd2 Nc7 38.Ke3 Ne8 39.b4 b6 40.Nd2 Nf6 41.b5 Bh5
42.Bf1 Ng4+ 43.Ke4 Bg6+ 44.Kf3 Nh2+ 45.Ke3 Nxf1+ 46.Nxf1 Kg4 47.Nh2+ Kg3 0-1

[Event "Najdorf Memorial"]
[Site "Warsaw POL"]
[Date "2021.07.10"]
[Round "1.27"]
[White "Nowak, Mikolaj"]
[Black "Czechowski, Jakub"]
[Result "1-0"]
[WhiteElo "2310"]
[BlackElo "1961"]
[EventDate "2021.07.10"]
[PlyCount "65"]
[LiveChessVersion "1.4.8"]

1.c4 Nf6 2.Nf3 g6 3.d4 Bg7 4.e3 O-O 5.Be2 d6 6.Nc3 Nbd7 7.O-O e5 8.Qc2 Re8
9.Rd1 c6 10.b4 e4 11.Nd2 Qe7 12.a4 Nf8 13.a5 h5 14.Ba3 Bf5 15.b5 N8h7 16.a6
bxa6 17.bxc6 Ng5 18.Rdb1 Rec8 19.Qa4 Qd8 20.Rb7 Ng4 21.Nd5 Nh3+ 22.gxh3 Nxf2
23.Ne7+ Kh8 24.Kxf2 Bf6 25.Nxf5 gxf5 26.Rg1 Bxd4 27.Bb2 Qh4+ 28.Rg3 Bxb2
29.Rxb2 Rg8 30.Qa3 Qf6 31.Ke1 Qe5 32.Rxg8+ Rxg8 33.c7 1-0

[Event "Najdorf Memorial"]
[Site "Warsaw POL"]
[Date "2021.07.10"]
[Round "1.28"]
[White "Moscicka, Pola"]
[Black "Bebel, Arkadiusz"]
[Result "1/2-1/2"]
[WhiteElo "1960"]
[BlackElo "2306"]
[EventDate "2021.07.10"]
[PlyCount "110"]
[LiveChessVersion "1.4.8"]

1.d4 {[%clk 1:30:56]} 1...Nf6 {[%clk 1:30:50]} 2.c4 {[%clk 1:31:22]} 2...e6
{[%clk 1:31:14]} 3.g3 {[%clk 1:31:46]} 3...d5 {[%clk 1:31:10]} 4.Bg2 {[%clk
1:31:10]} 4...Bb4+ {[%clk 1:30:56]} 5.Bd2 {[%clk 1:30:01]} 5...Be7 {[%clk
1:31:13]} 6.Nf3 {[%clk 1:28:19]} 6...O-O {[%clk 1:28:55]} 7.Qc2 {[%clk 1:28:02]}
7...c6 {[%clk 1:28:22]} 8.O-O {[%clk 1:25:33]} 8...Nbd7 {[%clk 1:26:47]} 9.b3
{[%clk 1:23:36]} 9...b6 {[%clk 1:26:41]} 10.Bc3 {[%clk 1:22:22]} 10...Ba6
{[%clk 1:24:35]} 11.Nbd2 {[%clk 1:20:09]} 11...Rc8 {[%clk 1:22:31]} 12.Rac1
{[%clk 1:13:54]} 12...Qc7 {[%clk 1:14:29]} 13.Qb2 {[%clk 1:01:25]} 13...c5
{[%clk 1:14:29]} 14.Rfe1 {[%clk 1:01:25]} 14...Bb7 {[%clk 1:08:32]} 15.cxd5
{[%clk 1:01:25]} 15...Nxd5 {[%clk 1:08:32]} 16.e4 {[%clk 1:01:25]} 16...Nxc3
{[%clk 1:08:32]} 17.Qxc3 {[%clk 0:47:11]} 17...Qb8 {[%clk 0:58:56]} 18.d5
{[%clk 0:36:06]} 18...exd5 {[%clk 0:58:56]} 19.exd5 {[%clk 0:36:06]} 19...Bf6
{[%clk 0:58:56]} 20.Qd3 {[%clk 0:32:33]} 20...g6 {[%clk 0:53:26]} 21.Rcd1
{[%clk 0:30:36]} 21...Rfe8 {[%clk 0:48:34]} 22.Nc4 {[%clk 0:26:22]} 22...Rxe1+
{[%clk 0:47:34]} 23.Rxe1 {[%clk 0:26:07]} 23...Rd8 {[%clk 0:46:46]} 24.h4
{[%clk 0:20:23]} 24...Kg7 {[%clk 0:29:18]} 25.a4 {[%clk 0:19:58]} 25...h5
{[%clk 0:27:17]} 26.Ng5 {[%clk 0:19:58]} 26...Re8 {[%clk 0:20:15]} 27.Rxe8
{[%clk 0:12:35]} 27...Qxe8 {[%clk 0:20:43]} 28.Qe4 {[%clk 0:12:27]} 28...Qxe4
{[%clk 0:13:50]} 29.Bxe4 {[%clk 0:12:47]} 29...Ba6 {[%clk 0:12:27]} 30.Nd6
{[%clk 0:12:47]} 30...Bxg5 {[%clk 0:12:27]} 31.hxg5 {[%clk 0:12:47]} 31...Kf8
{[%clk 0:10:57]} 32.f4 {[%clk 0:09:40]} 32...Be2 {[%clk 0:06:18]} 33.Kf2 {[%clk
0:09:21]} 33...Bd1 {[%clk 0:06:35]} 34.Nc8 {[%clk 0:08:16]} 34...Bxb3 {[%clk
0:05:25]} 35.Nxa7 {[%clk 0:08:10]} 35...Bxa4 {[%clk 0:05:42]} 36.Ke3 {[%clk
0:07:26]} 36...f5 {[%clk 0:04:28]} 37.Bf3 {[%clk 0:04:41]} 37...b5 {[%clk
0:03:11]} 38.Kd3 {[%clk 0:03:02]} 38...Nb6 {[%clk 0:03:28]} 39.Nc6 {[%clk
0:03:02]} 39...b4 {[%clk 0:03:28]} 40.Ne5 {[%clk 0:03:02]} 40...Bb5+ {[%clk
0:03:28]} 41.Kc2 {[%clk 0:31:31]} 41...Ba4+ {[%clk 0:31:35]} 42.Kb2 {[%clk
0:28:24]} 42...c4 {[%clk 0:23:59]} 43.Nxg6+ {[%clk 0:28:24]} 43...Kg7 {[%clk
0:24:17]} 44.Ne7 {[%clk 0:24:41]} 44...c3+ {[%clk 0:24:19]} 45.Kc1 {[%clk
0:25:05]} 45...Nc4 {[%clk 0:22:03]} 46.Nxf5+ {[%clk 0:25:05]} 46...Kf8 {[%clk
0:22:03]} 47.Nd4 {[%clk 0:22:34]} 47...b3 {[%clk 0:22:08]} 48.Nxb3 {[%clk
0:21:52]} 48...Bxb3 {[%clk 0:22:35]} 49.Bxh5 {[%clk 0:21:18]} 49...Nd6 {[%clk
0:22:35]} 50.Bf3 {[%clk 0:21:18]} 50...Nb5 {[%clk 0:22:35]} 51.Be4 {[%clk
0:10:19]} 51...Nd4 {[%clk 0:18:48]} 52.Bd3 {[%clk 0:07:09]} 52...Ba4 {[%clk
0:17:05]} 53.d6 {[%clk 0:07:09]} 53...Bd7 {[%clk 0:17:05]} 54.f5 {[%clk
0:06:15]} 54...Nxf5 {[%clk 0:17:05]} 55.Kc2 {[%clk 0:06:15]} 55...Nxd6 {[%clk
0:17:05]} 1/2-1/2

[Event "Najdorf Memorial"]
[Site "Warsaw POL"]
[Date "2021.07.10"]
[Round "1.29"]
[White "Reza, Wojciech"]
[Black "Starosta, Martyna"]
[Result "1-0"]
[WhiteElo "2304"]
[BlackElo "1960"]
[EventDate "2021.07.10"]
[PlyCount "107"]
[LiveChessVersion "1.4.8"]

1.c4 {[%clk 1:30:52]} 1...e5 {[%clk 1:30:54]} 2.Nc3 {[%clk 1:30:57]} 2...Nf6
{[%clk 1:31:17]} 3.Nf3 {[%clk 1:30:48]} 3...Nc6 {[%clk 1:31:31]} 4.e3 {[%clk
1:30:35]} 4...d5 {[%clk 1:29:14]} 5.cxd5 {[%clk 1:29:14]} 5...Nxd5 {[%clk
1:29:38]} 6.Qc2 {[%clk 1:19:00]} 6...Ndb4 {[%clk 1:25:50]} 7.Qb1 {[%clk
1:18:41]} 7...Bg4 {[%clk 1:21:55]} 8.Bc4 {[%clk 0:59:36]} 8...Be6 {[%clk
1:15:18]} 9.Bxe6 {[%clk 0:57:15]} 9...fxe6 {[%clk 1:08:33]} 10.a3 {[%clk
0:56:59]} 10...Nd3+ {[%clk 1:06:15]} 11.Ke2 {[%clk 0:57:23]} 11...Nxc1+ {[%clk
1:04:57]} 12.Rxc1 {[%clk 0:57:45]} 12...Be7 {[%clk 1:01:40]} 13.Qe4 {[%clk
0:55:29]} 13...Bf6 {[%clk 1:00:12]} 14.b4 {[%clk 0:49:36]} 14...Qd7 {[%clk
0:54:03]} 15.Qc4 {[%clk 0:36:47]} 15...O-O-O {[%clk 0:46:46]} 16.Ne4 {[%clk
0:36:34]} 16...Qd5 {[%clk 0:45:21]} 17.b5 {[%clk 0:28:11]} 17...Qxc4+ {[%clk
0:45:25]} 18.Rxc4 {[%clk 0:28:34]} 18...Na5 {[%clk 0:43:19]} 19.Rc3 {[%clk
0:27:14]} 19...h6 {[%clk 0:36:53]} 20.Ne1 {[%clk 0:24:11]} 20...Rd5 {[%clk
0:30:23]} 21.Rac1 {[%clk 0:21:57]} 21...Rd7 {[%clk 0:26:01]} 22.Nd3 {[%clk
0:18:32]} 22...Rhd8 {[%clk 0:24:20]} 23.Ndc5 {[%clk 0:12:41]} 23...Re7 {[%clk
0:24:20]} 24.f3 {[%clk 0:12:41]} 24...Kb8 {[%clk 0:23:28]} 25.g4 {[%clk
0:02:02]} 25...c6 {[%clk 0:20:42]} 26.bxc6 {[%clk 0:01:22]} 26...Nxc6 {[%clk
0:19:27]} 27.Nxf6 {[%clk 0:00:37]} 27...gxf6 {[%clk 0:19:28]} 28.Nxb7 {[%clk
0:00:54]} 28...Kxb7 {[%clk 0:19:07]} 29.Rxc6 {[%clk 0:01:14]} 29...Red7 {[%clk
0:19:13]} 30.R6c2 {[%clk 0:01:18]} 30...f5 {[%clk 0:16:52]} 31.Rb1+ {[%clk
0:01:31]} 31...Ka8 {[%clk 0:15:23]} 32.Rb5 {[%clk 0:01:19]} 32...e4 {[%clk
0:14:25]} 33.gxf5 {[%clk 0:01:06]} 33...exf3+ {[%clk 0:14:19]} 34.Kxf3 {[%clk
0:01:30]} 34...exf5 {[%clk 0:14:39]} 35.d4 {[%clk 0:01:40]} 35...Rf8 {[%clk
0:13:56]} 36.Kf4 {[%clk 0:01:23]} 36...Re7 {[%clk 0:13:55]} 37.Re5 {[%clk
0:01:03]} 37...Rb7 {[%clk 0:12:37]} 38.Rxf5 {[%clk 0:01:24]} 38...Re8 {[%clk
0:12:42]} 39.Rc3 {[%clk 0:01:27]} 39...Rb2 {[%clk 0:12:55]} 40.Rh5 {[%clk
0:30:39]} 40...Rf2+ {[%clk 0:42:15]} 41.Kg3 {[%clk 0:30:59]} 41...Rf6 {[%clk
0:41:58]} 42.Rh4 {[%clk 0:30:46]} 42...h5 {[%clk 0:41:19]} 43.Rf4 {[%clk
0:30:48]} 43...Rg6+ {[%clk 0:41:36]} 44.Kf3 {[%clk 0:31:12]} 44...Reg8 {[%clk
0:41:49]} 45.Rc5 {[%clk 0:30:35]} 45...Ra6 {[%clk 0:41:59]} 46.Rc3 {[%clk
0:30:04]} 46...Rag6 {[%clk 0:42:20]} 47.a4 {[%clk 0:28:37]} 47...Rg1 {[%clk
0:41:44]} 48.Rc5 {[%clk 0:28:29]} 48...Rf1+ {[%clk 0:41:40]} 49.Ke4 {[%clk
0:28:37]} 49...Rxf4+ {[%clk 0:41:38]} 50.Kxf4 {[%clk 0:28:07]} 50...Rg4+ {[%clk
0:42:00]} 51.Kf3 {[%clk 0:27:44]} 51...Rh4 {[%clk 0:42:25]} 52.Kg3 {[%clk
0:27:55]} 52...Rg4+ {[%clk 0:42:49]} 53.Kh3 {[%clk 0:28:12]} 53...Re4 {[%clk
0:43:15]} 54.Re5 {[%clk 0:28:33]} 1-0

[Event "Najdorf Memorial"]
[Site "Warsaw POL"]
[Date "2021.07.10"]
[Round "1.30"]
[White "Backiel, Hubert"]
[Black "Seemann, Jakub"]
[Result "0-1"]
[WhiteElo "1955"]
[BlackElo "2300"]
[EventDate "2021.07.10"]
[PlyCount "90"]
[LiveChessVersion "1.4.8"]

1.e4 {[%clk 1:30:58]} 1...c5 {[%clk 1:30:50]} 2.Nf3 {[%clk 1:31:20]} 2...d6
{[%clk 1:31:16]} 3.d4 {[%clk 1:31:41]} 3...cxd4 {[%clk 1:31:41]} 4.Nxd4 {[%clk
1:32:06]} 4...Nf6 {[%clk 1:32:09]} 5.Nc3 {[%clk 1:32:24]} 5...a6 {[%clk
1:32:20]} 6.Be3 {[%clk 1:32:43]} 6...e5 {[%clk 1:32:36]} 7.Nb3 {[%clk 1:33:08]}
7...Be7 {[%clk 1:33:00]} 8.h3 {[%clk 1:33:19]} 8...Be6 {[%clk 1:33:20]} 9.Qf3
{[%clk 1:33:41]} 9...Nbd7 {[%clk 1:32:18]} 10.O-O-O {[%clk 1:24:06]} 10...Rc8
{[%clk 1:30:03]} 11.Nd5 {[%clk 1:18:12]} 11...Bxd5 {[%clk 1:29:37]} 12.exd5
{[%clk 1:18:33]} 12...Qc7 {[%clk 1:29:15]} 13.c3 {[%clk 1:08:42]} 13...Nb6
{[%clk 1:25:40]} 14.Bxb6 {[%clk 0:57:22]} 14...Qxb6 {[%clk 1:25:28]} 15.Bd3
{[%clk 0:57:42]} 15...a5 {[%clk 1:23:24]} 16.Nd2 {[%clk 0:51:26]} 16...Rc5
{[%clk 1:04:17]} 17.Nc4 {[%clk 0:45:10]} 17...Qc7 {[%clk 1:03:01]} 18.Ne3
{[%clk 0:45:07]} 18...b5 {[%clk 1:02:19]} 19.Kb1 {[%clk 0:45:09]} 19...g6
{[%clk 0:56:33]} 20.g4 {[%clk 0:39:48]} 20...b4 {[%clk 0:52:26]} 21.cxb4 {[%clk
0:33:31]} 21...axb4 {[%clk 0:52:49]} 22.Rc1 {[%clk 0:33:18]} 22...O-O {[%clk
0:51:30]} 23.Rxc5 {[%clk 0:28:51]} 23...Qxc5 {[%clk 0:51:30]} 24.h4 {[%clk
0:28:51]} 24...Ra8 {[%clk 0:48:50]} 25.h5 {[%clk 0:24:25]} 25...e4 {[%clk
0:46:35]} 26.Bxe4 {[%clk 0:18:25]} 26...Qa7 {[%clk 0:46:35]} 27.hxg6 {[%clk
0:07:47]} 27...Qxa2+ {[%clk 0:46:09]} 28.Kc1 {[%clk 0:08:08]} 28...Rc8+ {[%clk
0:39:46]} 29.Bc2 {[%clk 0:04:56]} 29...b3 {[%clk 0:21:35]} 30.gxf7+ {[%clk
0:04:36]} 30...Kf8 {[%clk 0:22:00]} 31.Qf5 {[%clk 0:03:27]} 31...Qa1+ {[%clk
0:22:25]} 32.Kd2 {[%clk 0:03:47]} 32...Rxc2+ {[%clk 0:22:45]} 33.Nxc2 {[%clk
0:01:50]} 33...Qxh1 {[%clk 0:23:09]} 34.Qc8+ {[%clk 0:00:55]} 34...Kxf7 {[%clk
0:23:31]} 35.Qe6+ {[%clk 0:01:19]} 35...Kf8 {[%clk 0:23:57]} 36.Qc8+ {[%clk
0:01:17]} 36...Kg7 {[%clk 0:23:57]} 37.Ne3 {[%clk 0:01:17]} 37...Qe4 {[%clk
0:20:06]} 38.Qc3 {[%clk 0:00:48]} 38...Kf7 {[%clk 0:18:25]} 39.g5 {[%clk
0:00:31]} 39...Nxd5 {[%clk 0:18:23]} 40.Qxb3 {[%clk 0:30:55]} 40...Bxg5 {[%clk
0:48:39]} 41.Ke2 {[%clk 0:28:25]} 41...Bxe3 {[%clk 0:48:57]} 42.fxe3 {[%clk
0:28:49]} 42...Qxe3+ {[%clk 0:48:31]} 43.Qxe3 {[%clk 0:27:58]} 43...Nxe3 {[%clk
0:48:57]} 44.Kxe3 {[%clk 0:28:21]} 44...Ke6 {[%clk 0:49:24]} 45.b4 {[%clk
0:28:01]} 45...Kd5 {[%clk 0:49:47]} 0-1

[Event "Najdorf Memorial"]
[Site "Warsaw POL"]
[Date "2021.07.10"]
[Round "1.31"]
[White "Chylewski, Patryk"]
[Black "Starosciak, Szymon"]
[Result "1-0"]
[WhiteElo "2290"]
[BlackElo "1953"]
[EventDate "2021.07.10"]
[PlyCount "67"]
[LiveChessVersion "1.4.8"]

1.d4 {[%clk 1:30:57]} 1...d5 {[%clk 1:30:54]} 2.c4 {[%clk 1:31:23]} 2...c6
{[%clk 1:31:21]} 3.Nf3 {[%clk 1:29:33]} 3...Nf6 {[%clk 1:31:46]} 4.Nbd2 {[%clk
1:29:57]} 4...Bf5 {[%clk 1:26:16]} 5.g3 {[%clk 1:30:15]} 5...e6 {[%clk 1:25:27]}
6.Bg2 {[%clk 1:30:42]} 6...Be7 {[%clk 1:24:24]} 7.b3 {[%clk 1:30:54]} 7...O-O
{[%clk 1:24:21]} 8.Bb2 {[%clk 1:30:04]} 8...Nbd7 {[%clk 1:23:09]} 9.Nh4 {[%clk
1:27:23]} 9...Be4 {[%clk 1:22:43]} 10.f3 {[%clk 1:25:51]} 10...Bg6 {[%clk
1:22:01]} 11.Nxg6 {[%clk 1:26:13]} 11...hxg6 {[%clk 1:22:25]} 12.e4 {[%clk
1:25:33]} 12...c5 {[%clk 1:22:25]} 13.e5 {[%clk 1:25:33]} 13...Ne8 {[%clk
1:04:30]} 14.cxd5 {[%clk 1:23:39]} 14...exd5 {[%clk 1:04:12]} 15.O-O {[%clk
1:23:38]} 15...cxd4 {[%clk 0:56:50]} 16.Bxd4 {[%clk 1:22:38]} 16...Nc7 {[%clk
0:52:01]} 17.f4 {[%clk 1:22:35]} 17...Ne6 {[%clk 0:51:25]} 18.Bf2 {[%clk
1:21:47]} 18...Qa5 {[%clk 0:40:48]} 19.Kh1 {[%clk 1:20:51]} 19...Ndc5 {[%clk
0:39:11]} 20.a3 {[%clk 1:14:24]} 20...Qa6 {[%clk 0:36:57]} 21.b4 {[%clk
1:05:08]} 21...Nd3 {[%clk 0:32:15]} 22.Bg1 {[%clk 1:03:47]} 22...Nb2 {[%clk
0:28:44]} 23.Qc2 {[%clk 1:00:20]} 23...Nc4 {[%clk 0:27:24]} 24.Bxd5 Nxa3 {[%clk
0:22:35]} 25.Qb3 {[%clk 0:56:11]} 25...Rad8 {[%clk 0:09:36]} 26.Rxa3 {[%clk
0:55:52]} 26...Qb5 {[%clk 0:09:45]} 27.Bxe6 {[%clk 0:50:21]} 27...fxe6 {[%clk
0:02:42]} 28.Qxe6+ {[%clk 0:50:39]} 28...Rf7 {[%clk 0:02:58]} 29.Qc4 {[%clk
0:50:05]} 29...Qxb4 {[%clk 0:02:48]} 30.Rd3 {[%clk 0:50:08]} 30...Rxd3 {[%clk
0:00:51]} 31.Qxd3 {[%clk 0:50:32]} 31...Rf8 {[%clk 0:01:04]} 32.Rb1 {[%clk
0:50:14]} 32...Qa5 {[%clk 0:01:16]} 33.Rxb7 {[%clk 0:50:08]} 33...Rd8 {[%clk
0:01:38]} 34.Rd7 {[%clk 0:49:58]} 1-0